|
|
|
|
| LEADER |
01966nam a2200469 i 4500 |
| 001 |
EBC1915530 |
| 003 |
MiAaPQ |
| 005 |
20200520144314.0 |
| 006 |
m o d | |
| 007 |
cr cnu|||||||| |
| 008 |
150122t19631963kyu o 001 0 eng d |
| 020 |
|
|
|z 9780813152790
|
| 020 |
|
|
|a 9780813163246
|q (electronic bk.)
|
| 035 |
|
|
|a (MiAaPQ)EBC1915530
|
| 035 |
|
|
|a (Au-PeEL)EBL1915530
|
| 035 |
|
|
|a (CaPaEBR)ebr11005653
|
| 035 |
|
|
|a (CaONFJC)MIL691256
|
| 035 |
|
|
|a (OCoLC)900344731
|
| 040 |
|
|
|a MiAaPQ
|b eng
|e rda
|e pn
|c MiAaPQ
|d MiAaPQ
|
| 050 |
|
4 |
|a HF5635
|b .G45 1963
|
| 082 |
0 |
|
|a 657.044
|2 23
|
| 100 |
1 |
|
|a Gibson, James L.
|q (James Lawrence),
|d 1935-
|e author.
|
| 245 |
1 |
0 |
|a Accounting in small business decisions /
|c by James L. Gibson and W. Warren Haynes.
|
| 264 |
|
1 |
|a Lexington, Kentucky :
|b University of Kentucky Press,
|c 1963.
|
| 264 |
|
4 |
|c 1963
|
| 300 |
|
|
|a 1 online resource (148 pages).
|
| 336 |
|
|
|a text
|2 rdacontent
|
| 337 |
|
|
|a computer
|2 rdamedia
|
| 338 |
|
|
|a online resource
|2 rdacarrier
|
| 490 |
1 |
|
|a Small Business Management Research Reports
|
| 500 |
|
|
|a Includes index.
|
| 588 |
|
|
|a Description based on print version record.
|
| 590 |
|
|
|a Electronic reproduction. Ann Arbor, MI : ProQuest, 2015. Available via World Wide Web. Access may be limited to ProQuest affiliated libraries.
|
| 650 |
|
0 |
|a Accounting.
|
| 650 |
|
0 |
|a Small business.
|
| 650 |
|
0 |
|a Decision making.
|
| 655 |
|
4 |
|a Electronic books.
|
| 700 |
1 |
|
|a Haynes, W. Warren
|q (William Warren),
|d 1921-1972,
|e author.
|
| 776 |
0 |
8 |
|i Print version:
|a Gibson, James L. (James Lawrence), 1935-
|t Accounting in small business decisions.
|d Lexington, Kentucky : University of Kentucky Press, c1963
|h 133 pages
|k Small business management research reports.
|z 9780813152790
|w 62019376
|
| 797 |
2 |
|
|a ProQuest (Firm)
|
| 830 |
|
0 |
|a Small business management research reports.
|
| 856 |
4 |
0 |
|u https://ebookcentral.proquest.com/lib/matrademy/detail.action?docID=1915530
|z Click to View
|